000 00975nam a2200253Ia 4500
001 18186
003 GE_BSU
008 181216s||||||||xx |||||||||||||| ||und||
040 _cGE_BSU
080 _a811.353.1'367
100 _aკვაჭაძე, ლეო
245 _aთანამედროვე ქართული ენის სინტაქსი
245 _bპედ. ინ-ტების სტუდენტთა სახელმძღვანელო
245 _cრედ. ე. პოლოლიკაშვილი
250 _aმეორე შევსებული გამოცემა
260 _aთბილისი
260 _bგანათლება
260 _c1977
300 _a462გვ. ; 22სმ
541 _h15ლ
653 _aთანამედროვე ქართული ენის სინტაქსი
653 _aქართული ენა
942 _cBK
999 _c51226
_d51226